The Best Airlines in Europe 2025 - Statistics

General Stats
  • This quiz has been taken 160 times
  • The average score is 7 of 10
Answer Stats
Rank Airline % Correct
2 Air France
94%
4 British Airways
94%
5 Lufthansa
91%
7 Iberia
79%
8 KLM Royal Dutch Airlines
79%
1 Turkish Airlines
78%
3 Swiss International Air Lines
76%
9 Austrian Airlines
59%
10 Finnair
55%
6 Virgin Atlantic
42%
No matching quizzes found
Score Distribution
Percent of People with Each Score
Percentile by Number Answered
Your Score History
You have not taken this quiz